Las doce princesas bailarinas /
Guardado en:
| Autor Principal: | |
|---|---|
| Otros Autores: | , , |
| Formato: | Libro |
| Publicado: |
Buenos Aires :
Calibroscopio,
2013
|
| Series: | Líneas de arena
|
| Materias: | |
| Etiquetas: |
Agregar Etiqueta
Sin Etiquetas, Sea el primero en etiquetar este registro!
|
| LEADER | 01145nam a22003015a 4500 | ||
|---|---|---|---|
| 001 | CEM.cems015306 | ||
| 008 | 130507s2013##################000#0#####d | ||
| 005 | 20250325163410.0 | ||
| 245 | 1 | 0 | |a Las doce princesas bailarinas / |c Wilhelm Karl Grimm y Jakob Ludwig Grimm ; adaptado Por Ruth Kaufman ; ilustrado Por Esteban Alfaro |
| 260 | |a Buenos Aires : |b Calibroscopio, |c 2013 | ||
| 300 | |a 36 p. | ||
| 490 | 0 | |a Líneas de arena | |
| 020 | |a 9789871801213 | ||
| 100 | 1 | |a Grimm, Wilhelm Karl | |
| 700 | 1 | |a Grimm, Jakob Ludwig | |
| 700 | 1 | |a Kaufman, Ruth; adap. | |
| 700 | 1 | |a Alfaro, Esteban; il. | |
| 082 | 0 | 4 | |a 833 |
| 653 | |a Literatura | ||
| 653 | |a Literatura alemana | ||
| 653 | |a Literatura infantil | ||
| 653 | |a Cuentos infantiles | ||
| 653 | |a Colección ciencias de la educación | ||
| 653 | |a Cuentos tradicionales | ||
| 859 | |a CEMS |b BIB. CEMS - Inicial y Primaria |h 833 |i G882-4 |k IP |p 3976 |t Ej.1 | ||
| 859 | |a CEMS |b BIB. CEMS - Ccias. Educacion |h 833 |i G882-1 |k CE |p 28531.19 |t Ej.1 | ||
| 859 | |a CEMS |b BIB. CEMS - Ccias. Educacion |h 833 |i G882-1 |k CE |p 28794.19 |t Ej.2 | ||
| 859 | |a CEMS |b BIB. CEMS - Ccias. Educacion |h 833 |i G882-1 |k CE |p 28945.19 |t Ej.3 | ||
